Which Brontë Sister? Quiz Stats

 Plays Quiz Updated Feb 21, 2020

Support Sporcle.
Go Orange.
Score 0/8 Timer 01:00
0 Plays Today
Novel Name % Correct
Jane Eyre???
80.9%
Wuthering Heights???
66.6%
Villette???
63.7%
The Professor???
58.9%
Shirley???
58.8%
Agnes Grey???
49.6%
The Tenant of Wildfell Hall ???
48.5%
The Green Dwarf???
48.4%

You're not logged in!

Compare scores with friends on all Sporcle quizzes.
OR
Log In

From the Vault

Complete the Shakespeare Play... With a Picture

by Noldeh

Normally plays are either live action or read, but we're sure you can find something.
Remove Ads.
Support Sporcle.
Get the best of Sporcle when you Go Orange. This ad-free experience offers more features, more stats, and more fun while also helping to support Sporcle. Thank you for becoming a member.

Show Comments

Extras

Top Quizzes Today


Score Distribution

Your Account Isn't Verified!

In order to create a playlist on Sporcle, you need to verify the email address you used during registration. Go to your Sporcle Settings to finish the process.

Report this User

Report this user for behavior that violates our Community Guidelines.

Details: